Malcom favorite things - Statistics

General Stats
  • This quiz has been taken 16 times
  • The average score is 6 of 18
Answer Stats
Hint Answer % Correct
SPORT BASKETBALL
100%
COLOR BLACK
50%
SUBJECT ENGLISH
50%
FOOD HAMBURGER
50%
FAST FOOD MAX
50%
SHOE BRAND NIKE
50%
RESTURANT O'LEARYS
50%
CANDY SKITTLES
50%
CANDY BAR SNICKERS
50%
GAME VALORANT
50%
NBA TEAM BUCKS
0%
HOT DRINK CHI LATTE
0%
SODA FANTA EXOTIC
0%
MOVIE HUSTLE
0%
SONG ON THE LOW
0%
SNACK POPCORN
0%
BASKETBALL PLAYER STEPH CURRY
0%
COUNTRY TANZANIA
0%
No matching quizzes found
Score Distribution
Percent of People with Each Score
Percentile by Number Answered
Your Score History
You have not taken this quiz